000 00916cam a2200277 i 4500
005 20260322212042.0
008 data
010 _a 77004655
020 _a0140150781
020 _a9780140150780
040 _aDLC
_cDLC
_dDLC
050 1 0 _aPS3203
_b.V3 1979
082 0 0 _a811/.3
092 _a811 V3 1979
100 1 _aWhitman, Walt,
_d1819-1892.
240 1 0 _aSelections.
_l1979
245 1 4 _aThe portable Walt Whitman /
_cWalt Whitman, Mark Van Doren & Malcolm Cowley.
250 _aRev. and enl. ed.
260 _aNew York :
_aNew York :
_bPenguin Books,
_c1979, c1975.
300 _axxxvii, 648 p. ;
_c18 cm.
500 _aReprint of the rev. ed., 1974, published by Viking Press, New York, in series: Viking portable library.
504 _a"Bibliographical check list, by Gay Wilson Allen": p. 641-648.
700 1 _aVan Doren, Mark,
_d1894-1972.
700 1 _aCowley, Malcolm,
_d1898-1989.
001 data
999 _c988
_d988